00457nam a2200157Ia 4500008004100000020001500041082001600056100001900072245004600091250000700137260003800144300002700182500001900209600002100228650005000249240925s9999 xx 000 0 und d a8185623228 a005.133 LAF aLafore, Robert 0aObject Oriented Programming in Turboo C++ aNA aIndia:bGalgotia Publ Indc,1993. axii,268p.bNAfPirated aIncludes Index aComputer Science aComputer science, information & general works